| 000 | 00377nam a2200145Ia 4500 | ||
|---|---|---|---|
| 008 | 150201s2010 xx 000 0 und d | ||
| 082 |
_a617.6342 _bE2010T |
||
| 100 | _aTARABINDINEJAD | ||
| 245 | _aENDODONTICS PRINCIPALS & PRACTICE | ||
| 250 | _a1ST | ||
| 260 |
_bELSEVIER _aDELHI _c2010 |
||
| 300 | _a1-474 | ||
| 650 | _aCONSERVATIVE DENTISTRY & ENDODONTICS | ||
| 942 |
_2ddc _cBK |
||
| 999 |
_c4706 _d4706 |
||